Capitales contenant la lettre J - Statistiques

Statistiques générales
  • Ce quiz a été pris 538 fois
    223 depuis la dernière actualisation
  • Le résultat moyen est 9 sur 14
Statistiques - réponses
Afrique % Correct
Reykjavik
83%
Ljubljana
81%
Jérusalem
78%
Skopje
73%
Sarajevo
69%
Banjul
64%
Saint John's
64%
Abuja
63%
Djibouti
63%
Djouba
58%
San José
58%
N'Djaména
56%
Majuro
53%
Sri Jayawardenapura Kotte
44%
Aucun quiz correspondant
Distribution des résultats
% des personnes avec chaque résultat
Percentile par nombre de réponses
Votre historique - résultats
Vous n’avez pas pris ce quiz depuis la dernière actualisation